Normal view
MARC view
Entry Personal Name
001 - CONTROL NUMBER
- control field: 7076
003 - CONTROL NUMBER IDENTIFIER
- control field: BD-RjUL
005 - DATE AND TIME OF LATEST TRANSACTION
- control field: 20230225155152.0
008 - FIXED-LENGTH DATA ELEMENTS
- fixed length control field: 230225|| aca||aabn | a|a d
040 ## - CATALOGING SOURCE
- Original cataloging agency: BD-RjUL
- Transcribing agency: BD-RjUL
100 ## - HEADING--PERSONAL NAME
- Personal name: Rahman, Md. Atiqur, Supervisor
670 ## - SOURCE DATA FOUND
- Source citation: Work cat.: (BD-RjUL)81258: Hossain, Md. Jakir 6743, Bekenstein-Hawking entropy by energy quantization from different Black Holes / , 2016